Réseaux locaux et internet des protocoles à l'interconnexion (Record no. 41053)
[ view plain ]
| 000 -LEADER | |
|---|---|
| fixed length control field | 00682 a2200277 4500 |
| 037 ## - SOURCE OF ACQUISITION | |
| Source of stock number/acquisition | 1, CIUF |
| 037 ## - SOURCE OF ACQUISITION | |
| Stock number | S 8490 |
| 020 ## - NUMERO INTERNATIONAL NORMALISE DES LIVRES | |
| International Standard Book Number | 2-7472-0000-7 |
| 100 ## - VEDETTE PRINCIPALE - NOM DE PERSONNE | |
| Personal name | Toutain, Laurent |
| 100 ## - VEDETTE PRINCIPALE - NOM DE PERSONNE | |
| Language of a work | Fr |
| 260 ## - PUBLICATION, DISTRIBUTION, ETC. (IMPRINT) | |
| Place of publication, distribution, etc | Paris |
| 260 ## - PUBLICATION, DISTRIBUTION, ETC. (IMPRINT) | |
| Name of publisher, distributor, etc | Hermes Sciences |
| 245 ## - TITLE STATEMENT | |
| Title | Réseaux locaux et internet des protocoles à l'interconnexion |
| 260 ## - PUBLICATION, DISTRIBUTION, ETC. (IMPRINT) | |
| Date of publication, distribution, etc | 1999 |
| 250 ## - EDITION STATEMENT | |
| Edition statement | 2ème éd. |
| 300 ## - PHYSICAL DESCRIPTION | |
| Extent | 733p |
| 300 ## - PHYSICAL DESCRIPTION | |
| Other physical details | 23 cm |
| 440 ## - SERIES STATEMENT/ADDED ENTRY--TITLE | |
| Title | Réseaux et télécommunications |
| 440 ## - SERIES STATEMENT/ADDED ENTRY--TITLE | |
| International Standard Serial Number | 1272-091 |
| 630 ## - SUBJECT ADDED ENTRY--UNIFORM TITLE | |
| Uniform title | 62 - Ingenierie. Art de lingenieur. Technologie en general |
| 650 ## - SUBJECT ADDED ENTRY--TOPICAL TERM | |
| Topical term or geographic name as entry element | 6 - SCIENCES APPLIQUEES |
| 650 ## - SUBJECT ADDED ENTRY--TOPICAL TERM | |
| Topical term or geographic name as entry element | Réseau |
| 650 ## - SUBJECT ADDED ENTRY--TOPICAL TERM | |
| Topical term or geographic name as entry element | Internet |
| Withdrawn status | Lost status | Damaged status | Not for loan | Location (home branch) | Sublocation or collection (holding branch) | Date acquired | Source of acquisition | Coded location qualifier | Koha issues (times borrowed) | Koha full call number | Piece designation (barcode) | Koha date last seen | Copy number | Price effective from | Koha item type |
|---|---|---|---|---|---|---|---|---|---|---|---|---|---|---|---|
| Bibliothèque Universitaire Centrale | Bibliothèque Universitaire Centrale | 28/02/2009 | CIUF | S 8490 | 621.391 TOU | S-8490Buc | 28/02/2009 | 1 | 28/02/2009 | Livre |